000 00740nam a22002297a 4500
005 20170124105917.0
010 _aB-220096
020 _c700.00
_a817000437305
035 _aB-220096
037 _bCen Lib/Ret
040 _aDPL
_bEN
082 _a025.52
_bLAL
100 _aLal, C.
_93074
245 _aUnderstanding basics of libaray and information science :
_cby C.Lal [and] K. Kumar
_b(for B.lib.Sc examination) /
260 _aNew Delhi
_bEss Ess Publications
_c2005
270 _a4837/24,Ansari Road,Dariya Ganj
_bNew Delhi
_e110002
300 _a114p.
_c22cm(Hb)
650 _aLibrary Science
_9106624
650 _aInformation Science
_9106625
700 _aK. Kumar
_9106626
942 _2ddc
_cEN
_h025.52
_mLAL
999 _c122918
_d122918